<?xml version="1.0" encoding="UTF-8"?>
<record
    xmlns:xsi="http://www.w3.org/2001/XMLSchema-instance"
    xsi:schemaLocation="http://www.loc.gov/MARC21/slim http://www.loc.gov/standards/marcxml/schema/MARC21slim.xsd"
    xmlns="http://www.loc.gov/MARC21/slim">

  <leader>00700nam a22002057a 4500</leader>
  <controlfield tag="003">LK-CoMWRAF</controlfield>
  <controlfield tag="005">20231201105841.0</controlfield>
  <controlfield tag="008">231014b        |||||||| |||| 00| 0 eng d</controlfield>
  <datafield tag="020" ind1=" " ind2=" ">
    <subfield code="a">955960001X</subfield>
  </datafield>
  <datafield tag="040" ind1=" " ind2=" ">
    <subfield code="a">LK-CoMWRAF</subfield>
    <subfield code="d">LK-CoMWRAF</subfield>
    <subfield code="e">LK-CoMWRAF</subfield>
  </datafield>
  <datafield tag="041" ind1=" " ind2=" ">
    <subfield code="a">sin</subfield>
  </datafield>
  <datafield tag="082" ind1=" " ind2=" ">
    <subfield code="a">891.483</subfield>
    <subfield code="b">GUN</subfield>
  </datafield>
  <datafield tag="100" ind1=" " ind2=" ">
    <subfield code="a">&#xD9C;&#xDD4;&#xDAB;&#xDBB;&#xDAD;&#xDCA;&#xDB1;, &#xDC3;&#xDD4;&#xDB8;&#xDD2;&#xDB1;&#xDCA;&#xDAF; &#xD9A;&#xDD2;&#xDAD;&#xDCA;&#xDC3;&#xDD2;&#xDBB;&#xDD2; </subfield>
  </datafield>
  <datafield tag="245" ind1=" " ind2=" ">
    <subfield code="a">&#xD87;&#xDC4;&#xDD0;&#xDC5;&#xDD2;</subfield>
  </datafield>
  <datafield tag="246" ind1=" " ind2=" ">
    <subfield code="a">Ahalii</subfield>
  </datafield>
  <datafield tag="260" ind1=" " ind2=" ">
    <subfield code="a"> &#xD87;&#xDC4;&#xDD0;&#xDC5;&#xDD2;&#xDBA;&#xD9C;&#xDDC;&#xDA9; : </subfield>
    <subfield code="b">&#xDC3;&#xDD4;&#xDB8;&#xDD2;&#xDB1;&#xDCA;&#xDAF; &#xD9A;&#xDD2;&#xDAD;&#xDCA;&#xDC3;&#xDD2;&#xDBB;&#xDD2; &#xD9C;&#xDD4;&#xDAB;&#xDBB;&#xDAD;&#xDCA;&#xDB1;, </subfield>
    <subfield code="c">2000</subfield>
  </datafield>
  <datafield tag="300" ind1=" " ind2=" ">
    <subfield code="a">&#xDB4;&#xDD2;. 64 : &#xDA0;&#xDD2;&#xDAD;&#xDCA;&#x200D;&#xDBB; ; &#xDC3;&#xDD9;&#xDB8;&#xDD3;. 22.</subfield>
  </datafield>
  <datafield tag="650" ind1=" " ind2=" ">
    <subfield code="a">&#xDC3;&#xDD2;&#xD82;&#xDC4;&#xDBD; &#xDB4;&#xDCA;&#x200D;&#xDBB;&#x200D;&#xDB6;&#xDB1;&#xDCA;&#xDB0;</subfield>
  </datafield>
  <datafield tag="942" ind1=" " ind2=" ">
    <subfield code="c">BK</subfield>
  </datafield>
  <datafield tag="952" ind1=" " ind2=" ">
    <subfield code="0">0</subfield>
    <subfield code="1">0</subfield>
    <subfield code="4">0</subfield>
    <subfield code="7">0</subfield>
    <subfield code="a">MAIN</subfield>
    <subfield code="b">MAIN</subfield>
    <subfield code="d">2023-10-14</subfield>
    <subfield code="l">0</subfield>
    <subfield code="o">891.483 GUN</subfield>
    <subfield code="p">RAF2253</subfield>
    <subfield code="r">2023-10-14</subfield>
    <subfield code="w">2023-10-14</subfield>
    <subfield code="y">BK</subfield>
  </datafield>
  <datafield tag="999" ind1=" " ind2=" ">
    <subfield code="c">3877</subfield>
    <subfield code="d">3877</subfield>
  </datafield>
</record>
